| 000 | 01361nab a2200229 i 4500 | ||
|---|---|---|---|
| 001 | 768714001 | ||
| 003 | CO-MdFUSB | ||
| 005 | 20240528084131.0 | ||
| 008 | 240528t1975 sp ||||| |||| 00| 0 spa d | ||
| 040 |
_bspa _cCO-MdFUSB _dCO-MdFUSB |
||
| 041 | _aspa | ||
| 100 | _eautor | ||
| 245 | 3 |
_aLa vida espiritual es una tentación _c/ Fernando Urbina |
|
| 520 | _aLa vida espiritual, por su mismo deseo de perfección ante Dios, corre el riesgo de escamotear los conflictos propios de la experiencia histórica concreta. La vida espiritual se convierte entonces en una tentación de evasión para conciencias asustadas o en un instrumento de justificación para las conciencias dominantes, responsables principales de las graves contradicciones sociales e interesadas en hacerlas desaparecer de la vista. Una reflexión objetiva debe constatar este carácter ambiguo de toda «vida espiritual», ya conocido tradicionalmente en la doctrina de las «tentaciones del espíritu». | ||
| 650 | 0 |
_aVida espiritual _951 |
|
| 650 | 7 |
_aFe _9531 |
|
| 650 | 7 |
_aHermenéutica _9418 |
|
| 650 | 7 |
_aConflicto cultural _96950 |
|
| 773 | 0 |
_049450 _982690 _oR2599 _tRevista internacional de teología Concilium _w(CO-MdFUSB)8 _x0210-1041 _gVolumen 109, (noviembre, 1975) páginas: 397 - 408 _qpáginas: 397 |
|
| 942 | _cANA | ||
| 945 | _aCatherine Arias Álvarez - Practicante SENA | ||
| 999 |
_c69947 _d69947 |
||